Phương pháp nghiên cứu xã hội học

Trình bày những nét cơ bản về phương pháp luận nhận thức xã hội học về cách thiết kế một nghiên cứu xã hội học, cũng như những qui tắc, những phương pháp cách thức, thủ tục cần thiết cho việc thực hiện một cuộc nghiên cứu xã họ...

ver descrição completa

Na minha lista:
Detalhes bibliográficos
Autor principal: Phạm, Văn Quyết
Outros Autores: Nguyễn, Quý Thanh
Formato: Livro
Idioma:Undetermined
Publicado em: H. Đại học Quốc gia Hà Nội 2012
Assuntos:
Acesso em linha:http://lrc.tdmu.edu.vn/opac/search/detail.asp?aID=2&ID=24639
Tags: Adicionar Tag
Sem tags, seja o primeiro a adicionar uma tag!
Thư viện lưu trữ: Trung tâm Học liệu Trường Đại học Thủ Dầu Một
LEADER 01477nam a2200217Ia 4500
001 TDMU_24639
008 210410s9999 xx 000 0 und d
082 |a 301 
090 |b PH104 
100 |a Phạm, Văn Quyết 
245 0 |a Phương pháp nghiên cứu xã hội học 
245 0 |c Phạm Văn Quyết, Nguyễn Quý Thanh 
260 |a H. 
260 |b Đại học Quốc gia Hà Nội 
260 |c 2012 
300 |a 444TR. 
520 |a Trình bày những nét cơ bản về phương pháp luận nhận thức xã hội học về cách thiết kế một nghiên cứu xã hội học, cũng như những qui tắc, những phương pháp cách thức, thủ tục cần thiết cho việc thực hiện một cuộc nghiên cứu xã hội học.; CX002 Nhập môn xã hội học ; CX080 Phương pháp nghiên cứu khoa học; DC068 Phương pháp nghiên cứu khoa học 1; DC070 Phương pháp nghiên cứu khoa học 2; CX406 Phương pháp nghiên cứu trong công tác xã hội ; CX074 Xã hội học đại cương; CX031 Xã hội học nông thôn 
650 |a Xã hội học  |x Phương pháp nghiên cứu 
700 |a Nguyễn, Quý Thanh 
856 |u http://lrc.tdmu.edu.vn/opac/search/detail.asp?aID=2&ID=24639 
980 |a Trung tâm Học liệu Trường Đại học Thủ Dầu Một